[Event "Titled Tue 17th Jun Late"]
[Site "chess.com INT"]
[Date "2025.06.17"]
[Round "5"]
[White "Kochetkov, German"]
[Black "Vinolas Anglada, Laura"]
[Result "1-0"]
[WhiteTitle "IM"]
[BlackTitle "WCM"]
[WhiteElo "2277"]
[BlackElo "2059"]
[WhiteFideId "13500635"]
[BlackFideId "24517925"]
[EventDate "2025.06.17"]

1. e4 e5 2. Nf3 Nc6 3. Bb5 a6 4. Ba4 Nf6 5. d3 d6 6. c4 Bg4 7. Nc3 Nd7 8. Be3
Be7 9. h3 Bh5 10. g4 Bg6 11. Bxc6 bxc6 12. Qa4 Nb8 13. Nd5 O-O 14. Nxe7+ Qxe7
15. O-O-O c5 16. h4 h5 17. Rdg1 Nd7 18. Ng5 Nf6 19. f3 Rfb8 20. Rh2 Rb4 21. Qd1
Rab8 22. Rhg2 a5 23. Rc2 a4 24. Bd2 R4b7 25. Bc3 Qd7 26. Rcg2 Qc6 27. f4 Nxg4
28. f5 Ne3 29. Qf3 Nxg2 30. fxg6 Nxh4 31. gxf7+ Kf8 32. Qxh5 Ke7 33. Qxh4 Kd7
34. Qg4+ Ke7 35. Qe6+ Kf8 36. Nh7# 1-0

[Event "Titled Tue 17th Jun Late"]
[Site "chess.com INT"]
[Date "2025.06.17"]
[Round "5"]
[White "Kjaergaard-Jensen, Jesper"]
[Black "Yin, Evan"]
[Result "0-1"]
[WhiteTitle "CM"]
[WhiteElo "2081"]
[BlackElo "2142"]
[WhiteFideId "1406990"]
[BlackFideId "30953111"]
[EventDate "2025.06.17"]

1. d4 Nf6 2. Nf3 c5 3. d5 g6 4. Nc3 Bg7 5. d6 O-O 6. Bg5 exd6 7. Qxd6 h6 8. Bh4
Re8 9. Nd5 g5 10. Bg3 Nxd5 11. Qxd5 Bxb2 12. Rb1 Bc3+ 13. Kd1 Nc6 14. e3 d6 15.
Bd3 Be6 16. Qe4 f5 17. Qa4 Nb4 18. Bb5 Rf8 19. a3 Nd5 20. Bc4 Bg7 0-1

[Event "Titled Tue 17th Jun Late"]
[Site "chess.com INT"]
[Date "2025.06.17"]
[Round "5"]
[White "Mansurova, Mumtozbegim"]
[Black "Jovic, Stanoje"]
[Result "0-1"]
[WhiteTitle "WCM"]
[BlackTitle "FM"]
[WhiteElo "1800"]
[BlackElo "2096"]
[WhiteFideId "14215780"]
[BlackFideId "905020"]
[EventDate "2025.06.17"]

1. e4 c6 2. d4 d5 3. exd5 cxd5 4. Bd3 Nc6 5. c3 g6 6. h3 Nh6 7. Nf3 f6 8. O-O
Nf7 9. Re1 Bg7 10. c4 dxc4 11. Bxc4 O-O 12. Nc3 a6 13. Be3 b5 14. Bb3 Bb7 15.
Rc1 Rc8 16. Qd2 Na5 17. Be6 Nc4 18. Bxc4 Rxc4 19. b3 Rc8 20. Qe2 Nd6 21. Red1
Re8 22. d5 Nf5 23. g4 Nxe3 24. fxe3 f5 25. Qd3 fxg4 26. hxg4 Qd7 27. Nh2 Be5 28.
e4 Bxh2+ 29. Kxh2 Qxg4 30. Rg1 Qh4+ 31. Kg2 b4 32. Ne2 e6 33. Rxc8 Rxc8 34. Ng3
Rc3 35. Rh1 Qg4 0-1

[Event "Titled Tue 17th Jun Late"]
[Site "chess.com INT"]
[Date "2025.06.17"]
[Round "5"]
[White "Arabidze, Meri"]
[Black "Playa, Marcelo"]
[Result "1-0"]
[WhiteTitle "IM"]
[BlackTitle "IM"]
[WhiteElo "2440"]
[BlackElo "2376"]
[WhiteFideId "13604040"]
[BlackFideId "102202"]
[EventDate "2025.06.17"]

1. Nf3 Nf6 2. g3 e6 3. Bg2 d5 4. O-O c5 5. c4 Nc6 6. d4 cxd4 7. Nxd4 Bc5 8. Nxc6
bxc6 9. Qc2 Qb6 10. Nc3 Be7 11. Na4 Qa6 12. b3 O-O 13. Be3 Bd7 14. Nc5 Qa5 15.
Nxd7 Nxd7 16. a3 Bf6 17. Ra2 d4 18. Bd2 Qb6 19. b4 Rad8 20. c5 Qb5 21. Qe4 Ne5
22. Bf4 Rd5 23. Qb1 Rd7 24. a4 Qb8 25. Bxc6 Rdd8 26. Bg2 g5 27. Bc1 d3 28. b5
Qc7 29. c6 Qd6 30. Ba3 Qd4 31. Bxf8 Kxf8 32. exd3 Nxd3 33. Rd2 Qc3 34. Rfd1 Rd4
35. Rxd3 1-0

[Event "Titled Tue 17th Jun Late"]
[Site "chess.com INT"]
[Date "2025.06.17"]
[Round "5"]
[White "Hofstadler, Mario"]
[Black "Fadi, Marko"]
[Result "0-1"]
[WhiteTitle "CM"]
[BlackTitle "FM"]
[WhiteElo "2172"]
[BlackElo "2298"]
[WhiteFideId "1660497"]
[BlackFideId "10605371"]
[EventDate "2025.06.17"]

1. e4 e5 2. Nf3 Nc6 3. d4 exd4 4. Nxd4 Bc5 5. Nxc6 Qf6 6. Qe2 dxc6 7. Nc3 Ne7 8.
Be3 Bb4 9. Bd2 O-O 10. a3 Bc5 11. Be3 Bd6 12. O-O-O Be5 13. Bd2 Be6 14. g3 b5
15. f4 Bd4 16. e5 Qg6 17. Bg2 Bf5 18. Be1 Rad8 19. Ne4 Nd5 20. Bb4 Be3+ 21. Kb1
Bxe4 22. Bxe4 Qxe4 23. Bc5 Rfe8 24. Rhe1 h6 25. Bxe3 Nxe3 26. Rxd8 Rxd8 27. Qxe3
Rd1+ 28. Rxd1 Qxe3 0-1

[Event "Titled Tue 17th Jun Late"]
[Site "chess.com INT"]
[Date "2025.06.17"]
[Round "5"]
[White "Achuthan, Aryan"]
[Black "Distaso, Antonio Pio"]
[Result "0-1"]
[WhiteElo "2087"]
[BlackElo "2253"]
[WhiteFideId "30982294"]
[BlackFideId "805548"]
[EventDate "2025.06.17"]

1. d4 d5 2. c4 c6 3. Nc3 Nf6 4. Nf3 dxc4 5. a4 Bf5 6. e3 e6 7. Bxc4 Bb4 8. O-O
O-O 9. Qe2 Nbd7 10. e4 Bg6 11. e5 Nd5 12. Nxd5 cxd5 13. Bd3 h6 14. Bxg6 fxg6 15.
Qd3 Rf5 16. g4 Rf7 17. Qxg6 Rxf3 18. Qxe6+ Kh8 19. Qxd5 Rf8 20. f4 Nb6 21. Qe4
Qh4 22. f5 Rad8 23. Be3 h5 24. Rf4 Nd5 25. Rf3 Qxg4+ 26. Qxg4 hxg4 27. Rg3 Rxf5
28. Bf2 Rdf8 29. Rf1 Rf4 30. Kg2 Bd2 31. Rd3 Be3 32. Bxe3 Rxf1 33. Bg5 0-1

[Event "Titled Tue 17th Jun Late"]
[Site "chess.com INT"]
[Date "2025.06.17"]
[Round "5"]
[White "Frischmann, Rick"]
[Black "Jiganchine, Roman"]
[Result "1-0"]
[WhiteTitle "FM"]
[BlackTitle "CM"]
[WhiteElo "2355"]
[BlackElo "2205"]
[WhiteFideId "24660752"]
[BlackFideId "2603667"]
[EventDate "2025.06.17"]

1. e4 e5 2. Nf3 Nc6 3. d4 exd4 4. Nxd4 Bc5 5. Nb3 Bb6 6. Nc3 Nge7 7. Qe2 O-O 8.
Be3 d6 9. O-O-O Be6 10. Kb1 Re8 11. g3 f5 12. f4 fxe4 13. Bxb6 axb6 14. Nxe4 Nf5
15. Bg2 Qe7 16. Qd2 h6 17. Rhe1 Qf7 18. g4 Bxb3 19. cxb3 Nfd4 20. h3 Rxa2 21.
Kxa2 Ra8+ 22. Kb1 Nxb3 23. Qc3 Ra1+ 24. Kc2 Nbd4+ 25. Kd3 Qd5 26. Nf6+ gxf6 27.
Bxd5+ 1-0

[Event "Titled Tue 17th Jun Late"]
[Site "chess.com INT"]
[Date "2025.06.17"]
[Round "5"]
[White "Karas, Eugenia"]
[Black "Qian, Ashley"]
[Result "1-0"]
[WhiteTitle "WFM"]
[BlackTitle "WCM"]
[WhiteElo "2124"]
[BlackElo "2033"]
[WhiteFideId "463485"]
[BlackFideId "2636280"]
[EventDate "2025.06.17"]

1. Nf3 d5 2. b3 Nf6 3. Bb2 e6 4. e3 Be7 5. Be2 O-O 6. O-O b6 7. d4 c5 8. Nbd2
Bb7 9. c4 Nc6 10. cxd5 Nxd5 11. dxc5 Bxc5 12. Ne4 Be7 13. Rc1 Rc8 14. Nd4 Qd7
15. Bb5 Rfd8 16. Nxc6 Bxc6 17. Bxc6 Rxc6 18. Qd4 f6 19. h3 Rxc1 20. Rxc1 Qb7 21.
Qc4 Kf7 22. Ng3 Nb4 23. Ba3 Qd5 24. Bxb4 Qxc4 25. Rxc4 Rd1+ 26. Kh2 b5 27. Rh4
h6 28. Bxe7 Kxe7 29. Rd4 1-0

[Event "Titled Tue 17th Jun Late"]
[Site "chess.com INT"]
[Date "2025.06.17"]
[Round "5"]
[White "Campbell, Charles"]
[Black "Gomez Gonzales, Fabiana"]
[Result "0-1"]
[WhiteTitle "CM"]
[BlackTitle "WCM"]
[WhiteElo "2138"]
[BlackElo "1796"]
[WhiteFideId "8500436"]
[BlackFideId "3860191"]
[EventDate "2025.06.17"]

1. d4 Nf6 2. Nf3 e6 3. c4 d5 4. Nc3 Be7 5. Bg5 Nbd7 6. e3 h6 7. Bh4 O-O 8. Bd3
c5 9. O-O cxd4 10. exd4 b6 11. Rc1 Bb7 12. Qe2 dxc4 13. Bxc4 Re8 14. Rfd1 Nd5
15. Bg3 Bg5 16. Nxg5 Qxg5 17. Qd2 Qxd2 18. Rxd2 N7f6 19. Bd3 Rac8 20. a3 Red8
21. Rdc2 Nxc3 0-1

[Event "Titled Tue 17th Jun Late"]
[Site "chess.com INT"]
[Date "2025.06.17"]
[Round "5"]
[White "Paravyan, David"]
[Black "Sarana, Alexey"]
[Result "0-1"]
[WhiteTitle "GM"]
[BlackTitle "GM"]
[WhiteElo "2589"]
[BlackElo "2686"]
[WhiteFideId "4194985"]
[BlackFideId "24133795"]
[EventDate "2025.06.17"]

1. Nf3 d5 2. c4 d4 3. b4 f6 4. e3 e5 5. c5 a5 6. Qa4+ Qd7 7. Bb5 c6 8. Bc4 dxe3
9. O-O e4 10. Re1 exf3 11. Rxe3+ Ne7 12. Nc3 Qg4 13. Bf1 fxg2 14. Be2 Qxb4 15.
Qc2 Qxc5 16. d4 Bf5 17. Qd2 Qd6 18. d5 Nd7 19. Bb2 Ne5 20. Re1 Nxd5 21. Bh5+ Kd7
22. Nxd5 Qxd5 23. Qe2 Bd3 24. Bg4+ Kd8 25. Rxd3 Nxd3 26. Rd1 Bd6 27. Rxd3 Re8
28. Qd2 Re1+ 29. Qxe1 Qxd3 30. Kxg2 Kc7 31. Qe6 Qd5+ 0-1

[Event "Titled Tue 17th Jun Late"]
[Site "chess.com INT"]
[Date "2025.06.17"]
[Round "5"]
[White "Yilmaz, Mustafa"]
[Black "Palczert, Matyas"]
[Result "1-0"]
[WhiteTitle "GM"]
[BlackTitle "FM"]
[WhiteElo "2586"]
[BlackElo "2396"]
[WhiteFideId "6302718"]
[BlackFideId "784958"]
[EventDate "2025.06.17"]

1. e4 e5 2. Nf3 Nc6 3. Bc4 Nf6 4. d3 Be7 5. O-O O-O 6. Re1 d6 7. a4 Be6 8. a5
Bxc4 9. dxc4 b6 10. a6 Nd7 11. Nc3 Nc5 12. Nd5 Ne6 13. b4 Nb8 14. b5 Nd7 15. Nb4
Ndc5 16. Nc6 Qd7 17. Qd5 Kh8 18. Be3 g6 19. Rad1 Qe8 20. Nd2 Bf6 21. Nb3 Nd7 22.
Rf1 Bg7 23. Nb4 f5 24. f3 f4 25. Bf2 g5 26. h3 h5 27. Qc6 Rc8 28. Rd2 Nd8 29.
Qd5 Nf6 30. Qd3 Qg6 31. Rfd1 g4 32. hxg4 hxg4 33. Kf1 Nh5 34. Ke2 Ne6 35. Rh1
Kg8 36. Qd5 Rf7 37. Rxh5 gxf3+ 38. gxf3 c6 39. Nxc6 Nc7 40. Ne7+ 1-0

[Event "Titled Tue 17th Jun Late"]
[Site "chess.com INT"]
[Date "2025.06.17"]
[Round "5"]
[White "Schracke, Guido"]
[Black "Fomevor, Cephas Clinton"]
[Result "1-0"]
[WhiteTitle "CM"]
[BlackTitle "CM"]
[WhiteElo "2138"]
[BlackElo "1883"]
[WhiteFideId "4637054"]
[BlackFideId "12601330"]
[EventDate "2025.06.17"]

1. e4 c5 2. c3 Nf6 3. e5 Nd5 4. Nf3 Nc6 5. Bc4 Nb6 6. Bb3 d5 7. O-O Bg4 8. Re1
e6 9. h3 Bh5 10. Bc2 Be7 11. g4 Bg6 12. Na3 a6 13. b3 O-O 14. d4 cxd4 15. cxd4
Rc8 16. Bxg6 fxg6 17. Nc2 Bh4 18. Kg2 a5 19. Be3 Nb4 20. Nxb4 axb4 21. Re2 Rc3
22. Rc2 Nd7 23. Rac1 Rxc2 24. Rxc2 Nb8 25. Qd2 Nc6 26. Nxh4 Qxh4 27. Bg5 Rxf2+
28. Qxf2 Qxg5 29. Kg3 h5 30. Rd2 Kh7 31. Qf4 h4+ 32. Kf3 Qd8 33. g5 Qb6 34.
Qxh4+ Kg8 35. Qg4 Kh7 36. h4 Qb5 37. Kf2 Qb6 38. Ke1 Ne7 39. h5 Nf5 40. hxg6+
Kxg6 41. Rh2 Qa6 42. Qh5# 1-0

[Event "Titled Tue 17th Jun Late"]
[Site "chess.com INT"]
[Date "2025.06.17"]
[Round "5"]
[White "Eminov, Orkhan"]
[Black "Mata Gonzalez, Jose Fernando"]
[Result "1-0"]
[WhiteTitle "FM"]
[BlackTitle "CM"]
[WhiteElo "2239"]
[BlackElo "2164"]
[WhiteFideId "13402153"]
[BlackFideId "5107423"]
[EventDate "2025.06.17"]

1. e4 e5 2. Nf3 Nc6 3. Nc3 Nf6 4. Bb5 Bb4 5. O-O Bxc3 6. bxc3 d6 7. d4 exd4 8.
Qxd4 O-O 9. Bxc6 bxc6 10. Bg5 Bg4 11. e5 dxe5 12. Qxd8 Raxd8 13. Nxe5 Bf5 14.
Nxc6 Rde8 15. Nd4 Ne4 16. Nxf5 Nxg5 17. Rfe1 Ne6 18. Nd4 Nc5 19. Kf1 a6 20. Nc6
Na4 21. c4 Nb6 22. c5 Na4 23. Ne7+ Kh8 24. c6 g6 25. Rab1 Nc3 26. Rb7 Nxa2 27.
Rxc7 Nb4 28. c3 Nd3 29. Re3 Nf4 30. Ra7 Ne6 31. Nd5 Ra8 32. Rxa8 Rxa8 33. Nb6
Rb8 34. Rxe6 Rxb6 35. Re8+ Kg7 36. c7 Rc6 37. c8=Q Rxc8 38. Rxc8 a5 39. Ra8 1-0

[Event "Titled Tue 17th Jun Late"]
[Site "chess.com INT"]
[Date "2025.06.17"]
[Round "5"]
[White "Makridis, Dimitrios"]
[Black "Muradli, Mahammad"]
[Result "0-1"]
[WhiteTitle "FM"]
[BlackTitle "GM"]
[WhiteElo "2283"]
[BlackElo "2609"]
[WhiteFideId "25864475"]
[BlackFideId "13409301"]
[EventDate "2025.06.17"]

1. e4 c5 2. Nf3 d6 3. d4 cxd4 4. Nxd4 Nf6 5. Nc3 a6 6. h3 b5 7. a4 b4 8. Nd5 Bb7
9. Bc4 e6 10. Nxf6+ Qxf6 11. O-O Nd7 12. b3 Bxe4 13. Re1 d5 14. Bf1 Bc5 15. Bb2
O-O 16. Qd2 Ne5 17. Qe3 Qg6 18. Kh1 Nd7 19. f3 Bxc2 20. Qd2 Bxd4 21. Qxd4 Bxb3
22. Bd3 Qf6 23. Qf2 Qh6 24. f4 Bc4 25. Bc2 Nf6 26. Qf3 b3 27. Bb1 Rac8 28. Be5
Ne4 29. Bxe4 dxe4 30. Qxe4 Bd5 31. Qe3 Rc2 32. Re2 Rxe2 33. Qxe2 Qxh3+ 34. Kg1
Qg3 35. Rc1 h6 36. Rc7 f6 37. Bd6 Rf7 38. Rc8+ Kh7 39. Bc7 Qc3 0-1

[Event "Titled Tue 17th Jun Late"]
[Site "chess.com INT"]
[Date "2025.06.17"]
[Round "5"]
[White "Amirkul, Alimzhan"]
[Black "Araujo Filho, Luiz Antonio Coel"]
[Result "1-0"]
[WhiteTitle "FM"]
[WhiteElo "2357"]
[BlackElo "2077"]
[WhiteFideId "13718428"]
[BlackFideId "2130661"]
[EventDate "2025.06.17"]

1. c4 f5 2. b3 Nf6 3. Bb2 g6 4. e3 Bg7 5. Nf3 O-O 6. Be2 d6 7. d4 c6 8. O-O Qe8
9. d5 Nbd7 10. Nc3 cxd5 11. cxd5 a6 12. Rc1 Ng4 13. h3 Nge5 14. Nd4 Nf6 15. Na4
Nxd5 16. Nxf5 Rxf5 17. Qxd5+ Kh8 18. Qd2 Be6 19. Nb6 Rd8 20. f4 Nd7 21. Bg4 Nc5
22. Bxf5 Bxf5 23. Bxg7+ Kxg7 24. Qd4+ Kg8 25. b4 Ne6 26. Qd5 Kf8 27. e4 1-0

[Event "Titled Tue 17th Jun Late"]
[Site "chess.com INT"]
[Date "2025.06.17"]
[Round "5"]
[White "Makaraci, Tunahan"]
[Black "Perez Rojas, Jorge"]
[Result "0-1"]
[WhiteTitle "FM"]
[BlackTitle "FM"]
[WhiteElo "2233"]
[BlackElo "2100"]
[WhiteFideId "6356559"]
[BlackFideId "3452093"]
[EventDate "2025.06.17"]

1. e4 e6 2. d4 d5 3. Nd2 c5 4. exd5 Qxd5 5. Ngf3 cxd4 6. Bc4 Qd6 7. Nb3 Nc6 8.
O-O Nf6 9. Nbxd4 Nxd4 10. Nxd4 a6 11. c3 Qc7 12. Bb3 Bd6 13. h3 O-O 14. Bg5 Ne4
15. Be3 e5 16. Nf3 Bf5 17. Nh4 Bg6 18. Nxg6 hxg6 19. Qg4 Nc5 20. Bxc5 Bxc5 21.
Qxg6 Rad8 22. Rad1 a5 23. Qf5 b5 24. Bc2 g6 25. Qg4 Kg7 26. Bd3 b4 27. cxb4 axb4
28. Bc4 Bd4 29. b3 Qa7 30. Qe2 Bc3 31. Qc2 Qa5 32. f4 Qc5+ 33. Kh1 exf4 34. Rxf4
Rxd1+ 35. Qxd1 Qe5 36. Qf1 f5 37. Rf2 Rd8 38. Re2 Qf6 39. Re6 Qg5 40. Rb6 Rd7
41. Rb5 Re7 42. Be2 Qe3 43. Bf3 Qf4 44. Qd3 Re1+ 0-1

[Event "Titled Tue 17th Jun Late"]
[Site "chess.com INT"]
[Date "2025.06.17"]
[Round "5"]
[White "Kharitonov, Sergei"]
[Black "Linares Orellana, Hector Jose"]
[Result "0-1"]
[WhiteTitle "CM"]
[BlackTitle "FM"]
[WhiteElo "2014"]
[BlackElo "2111"]
[WhiteFideId "4129750"]
[BlackFideId "7304307"]
[EventDate "2025.06.17"]

1. e4 e5 2. Nf3 Nc6 3. Bb5 a6 4. Ba4 Nf6 5. O-O b5 6. Bb3 Be7 7. Re1 d6 8. c3
Nb8 9. a4 Bb7 10. d3 O-O 11. Nbd2 Nbd7 12. d4 c5 13. d5 c4 14. Bc2 Nc5 15. a5
Rc8 16. Nf1 Re8 17. Ng3 Bf8 18. h3 Rc7 19. Nh2 Bc8 20. Qf3 Rb7 21. Bg5 Be7 22.
Be3 Qc7 23. Bd2 Rb8 24. Ng4 Nxg4 25. hxg4 Nb7 26. Nf5 Nxa5 27. g5 Bf8 28. Nh6+
gxh6 29. Rxa5 Qxa5 30. gxh6 Qc7 31. Bg5 f5 32. exf5 Qf7 33. f6 b4 34. Be4 bxc3
35. bxc3 a5 36. g3 a4 37. Kg2 a3 38. Ra1 Ra8 39. Qe2 Ra4 40. Qc2 Bd7 0-1

[Event "Titled Tue 17th Jun Late"]
[Site "chess.com INT"]
[Date "2025.06.17"]
[Round "5"]
[White "Danzer, George"]
[Black "Wahedi, Ahmad Siar"]
[Result "0-1"]
[WhiteTitle "CM"]
[BlackTitle "FM"]
[WhiteElo "2172"]
[BlackElo "2239"]
[WhiteFideId "4659465"]
[BlackFideId "4651260"]
[EventDate "2025.06.17"]

1. e4 c5 2. Nf3 e6 3. c4 Nc6 4. d4 cxd4 5. Nxd4 a6 6. Be3 Nge7 7. Be2 g6 8. O-O
Bg7 9. Nc3 O-O 10. Rb1 b6 11. Qd2 Re8 12. Rfd1 Bb7 13. b4 Rc8 14. Nxc6 Bxc6 15.
Bd4 e5 16. Be3 Qc7 17. c5 b5 18. Qd6 Qb7 19. f3 f6 20. Rd2 Kh8 21. Bd1 Ng8 22.
Bb3 Bf8 23. Qd3 Kg7 24. Rbd1 Ra8 25. h4 a5 26. a3 axb4 27. axb4 Ra3 28. Rb2 Rea8
29. h5 Ra1 30. Qd2 Rxd1+ 31. Bxd1 gxh5 32. Bb3 Ra1+ 33. Kf2 Qa8 34. Nd5 Qa3 35.
f4 Rh1 36. f5 Qa1 37. Kg3 h4+ 38. Kf3 Qf1+ 39. Bf2 h3 40. gxh3 Rxh3+ 41. Kg4
Qg2+ 0-1

[Event "Titled Tue 17th Jun Late"]
[Site "chess.com INT"]
[Date "2025.06.17"]
[Round "5"]
[White "Golis, Wiktor"]
[Black "Kobo, Ori"]
[Result "1-0"]
[WhiteTitle "FM"]
[BlackTitle "GM"]
[WhiteElo "2307"]
[BlackElo "2493"]
[WhiteFideId "21055874"]
[BlackFideId "2812320"]
[EventDate "2025.06.17"]

1. e4 c5 2. Nf3 Nc6 3. d4 cxd4 4. Nxd4 e5 5. Nb5 d6 6. a4 Nf6 7. N1c3 a6 8. Na3
Bg4 9. Be2 Bxe2 10. Qxe2 d5 11. exd5 Nxd5 12. Nxd5 Qxd5 13. O-O Bxa3 14. Rxa3
O-O-O 15. Be3 Kb8 16. Rb3 f5 17. f4 e4 18. Rb6 Qa5 19. b4 Qxa4 20. Qf2 Rd7 21.
c4 Nxb4 22. h3 Rhd8 23. Kh2 Rd1 24. Qh4 Nc6 25. Rf2 Qxc4 26. Rfb2 R8d7 27. Qxh7
Qf1 28. Rxc6 Qh1+ 29. Kg3 Qe1+ 30. Bf2 R7d3+ 31. Kh4 Qxf2+ 32. Rxf2 bxc6 33.
Rb2+ Kc7 34. Qxg7+ Kd6 35. Qe5+ 1-0

[Event "Titled Tue 17th Jun Late"]
[Site "chess.com INT"]
[Date "2025.06.17"]
[Round "5"]
[White "Alothman , Ali Layth Ahmed"]
[Black "Rosenbecker, Daniel"]
[Result "1-0"]
[WhiteTitle "FM"]
[BlackTitle "CM"]
[WhiteElo "2179"]
[BlackElo "2109"]
[WhiteFideId "4801920"]
[BlackFideId "1718959"]
[EventDate "2025.06.17"]

1. e4 e6 2. d3 d5 3. Nd2 Nf6 4. Ngf3 c5 5. g3 Nc6 6. Bg2 Be7 7. O-O O-O 8. e5
Nd7 9. Re1 Qc7 10. Qe2 b5 11. Nf1 Bb7 12. h4 Rfe8 13. c3 b4 14. Bf4 bxc3 15.
bxc3 Ba6 16. N1h2 Qa5 17. Rac1 Qa3 18. Ng4 Rab8 19. Bg5 Rb2 20. Qe3 Bf8 21. h5
Rxa2 22. Qf4 Qa4 23. d4 h6 24. Bxh6 gxh6 25. Nxh6+ Bxh6 26. Qxh6 cxd4 27. Qg5+
Kh7 28. Qf4 Rf8 29. Ng5+ Kg7 30. Ne4 dxe4 31. Qg5+ Kh7 32. Bxe4+ Kh8 33. Qh6+
Kg8 34. Qh7# 1-0

[Event "Titled Tue 17th Jun Late"]
[Site "chess.com INT"]
[Date "2025.06.17"]
[Round "5"]
[White "Daspres, Loic"]
[Black "George Samir, David"]
[Result "0-1"]
[WhiteTitle "CM"]
[BlackTitle "FM"]
[WhiteElo "2207"]
[BlackElo "2356"]
[WhiteFideId "20612281"]
[BlackFideId "10657789"]
[EventDate "2025.06.17"]

1. e4 c5 2. Nf3 d6 3. Bb5+ Nd7 4. O-O a6 5. Bxd7+ Bxd7 6. Re1 g6 7. c3 Bg7 8. d4
cxd4 9. cxd4 Nf6 10. e5 Nd5 11. exd6 e6 12. Nc3 Bc6 13. Ne4 O-O 14. Bg5 Qb6 15.
Ne5 Qxb2 16. Rb1 Qxa2 17. d7 Ba4 18. Qg4 f5 19. Qh3 Bxe5 20. dxe5 Bxd7 21. Nf6+
Nxf6 22. Bxf6 Bc6 23. Rbd1 Qa4 24. Rd6 Bd5 25. Qg3 Qg4 26. Qxg4 fxg4 27. Rd7 Rf7
28. Rd6 a5 29. Bg5 a4 30. Bd2 b5 31. Bc3 Bc4 32. h3 gxh3 33. gxh3 a3 34. Ra1 a2
35. Rb6 Rf3 36. h4 Rxc3 0-1

[Event "Titled Tue 17th Jun Late"]
[Site "chess.com INT"]
[Date "2025.06.17"]
[Round "5"]
[White "Wagner, Dennis"]
[Black "Wu, William"]
[Result "1-0"]
[WhiteTitle "GM"]
[WhiteElo "2619"]
[BlackElo "1998"]
[WhiteFideId "24650684"]
[BlackFideId "39940411"]
[EventDate "2025.06.17"]

1. e4 c5 2. Nf3 d6 3. d4 cxd4 4. Nxd4 Nf6 5. Nc3 a6 6. Bg5 e6 7. f4 Be7 8. Qf3
Nbd7 9. O-O-O Qc7 10. g4 Rb8 11. Bxf6 Bxf6 12. g5 Bxd4 13. Rxd4 b5 14. a3 Bb7
15. h4 Nc5 16. Bh3 Rc8 17. Rh2 Qb6 18. Rhd2 O-O 19. h5 d5 20. exd5 a5 21. b4 Na4
22. Nxa4 bxa4 23. h6 g6 24. Qe3 Bxd5 25. Qe5 f6 26. gxf6 Rce8 27. Rxd5 exd5 28.
f7+ Rxf7 29. Qxe8+ Rf8 30. Be6+ 1-0

[Event "Titled Tue 17th Jun Late"]
[Site "chess.com INT"]
[Date "2025.06.17"]
[Round "5"]
[White "Damaraju, Ashwin"]
[Black "Ferreira, Vitor Hugo Vieira"]
[Result "1-0"]
[WhiteElo "2084"]
[BlackElo "2128"]
[WhiteFideId "39908348"]
[BlackFideId "2119765"]
[EventDate "2025.06.17"]

1. e4 c5 2. Nc3 e6 3. d4 cxd4 4. Qxd4 Nc6 5. Qd3 Nf6 6. Bf4 Bb4 7. O-O-O O-O 8.
Nge2 d5 9. exd5 Nxd5 10. Nxd5 exd5 11. Qxd5 Qb6 12. Be3 Qc7 13. Nd4 Rd8 14. Qb3
a5 15. Bb5 Nxd4 16. Rxd4 Be6 17. Qd3 Rdc8 18. Rh4 g6 19. a3 Bf5 20. Qc4 Be7 21.
Qxc7 Rxc7 22. Rc4 Rxc4 23. Bxc4 Rc8 24. Bb3 b5 25. a4 bxa4 26. Bxa4 Rc4 27. Bb3
Rb4 28. Bd2 Rb5 29. Re1 Rb7 30. Bxa5 Ra7 31. Kb1 Bc5 32. Bc3 Ra8 33. f3 h5 34.
Bf6 Rb8 35. Kc1 Bd6 36. g3 h4 37. f4 hxg3 38. hxg3 Ra8 39. Kb1 Rb8 40. Rh1 Bf8
41. Rh8# 1-0

[Event "Titled Tue 17th Jun Late"]
[Site "chess.com INT"]
[Date "2025.06.17"]
[Round "5"]
[White "Unver, Cumayi"]
[Black "Calvo Gonzalez, Jose Felix"]
[Result "0-1"]
[BlackTitle "CM"]
[WhiteElo "2012"]
[BlackElo "2168"]
[WhiteFideId "6304940"]
[BlackFideId "54505615"]
[EventDate "2025.06.17"]

1. d4 Nf6 2. Bf4 d5 3. e3 e6 4. Nd2 Bd6 5. Ngf3 O-O 6. Ne5 c5 7. c3 Nc6 8. Bd3
Qc7 9. Ndf3 Ne4 10. h4 f6 11. Nxc6 Bxf4 12. exf4 bxc6 13. g3 cxd4 14. Nxd4 e5
15. Ne2 Bg4 16. Qc2 Bxe2 17. Qxe2 exf4 18. Bxe4 Rfe8 19. f3 dxe4 20. fxe4 fxg3
21. O-O-O Qf4+ 22. Kc2 Rxe4 23. Qd3 Rae8 24. Kb1 Re2 25. Rhg1 g2 26. h5 h6 27.
Qg6 Qe4+ 28. Qxe4 R8xe4 29. a3 Rf2 30. Ka2 Ree2 31. Rb1 f5 32. Kb3 f4 33. a4 f3
34. Ka3 Rd2 0-1

[Event "Titled Tue 17th Jun Late"]
[Site "chess.com INT"]
[Date "2025.06.17"]
[Round "5"]
[White "Nihal, Sarin"]
[Black "Tekeyev, Zaur"]
[Result "1-0"]
[WhiteTitle "GM"]
[BlackTitle "IM"]
[WhiteElo "2696"]
[BlackElo "2407"]
[WhiteFideId "25092340"]
[BlackFideId "4199731"]
[EventDate "2025.06.17"]

1. e4 c5 2. Nc3 Nc6 3. Nf3 e5 4. Bc4 Be7 5. d3 d6 6. O-O Nf6 7. Ng5 O-O 8. f4
exf4 9. Bxf4 h6 10. Nf3 Be6 11. Kh1 d5 12. exd5 Nxd5 13. Bxd5 Bxd5 14. Ne5 Nxe5
15. Bxe5 Be6 16. Qh5 f6 17. Bg3 Bf7 18. Qf3 Qd7 19. Rae1 Rae8 20. h3 b6 21. Bf4
Bd6 22. Bxd6 Qxd6 23. Ne4 Qe5 24. b3 Bg6 25. Qf2 Qb2 26. Nd6 Rxe1 27. Rxe1 Qxa2
28. Re7 Kh7 29. Kh2 Qb2 30. Qg3 Rg8 31. h4 h5 32. Qf4 a5 33. Nf5 Bxf5 34. Qxf5+
Kh6 35. Re6 Qxc2 36. Qg5+ 1-0